[Event "Pardubice op rap 26th"]
[Site "Pardubice"]
[Date "2015.07.22"]
[Round "3"]
[White "Krouzel, Jaroslav"]
[Black "Kotyk, Vaclav"]
[Result "1-0"]
[WhiteElo "2169"]
[BlackElo "2147"]
[PlyCount "77"]
[EventDate "2015.07.22"]
[EventType "swiss (rapid)"]
[EventRounds "9"]
[EventCountry "CZE"]
[SourceTitle "CBM 167 Extra"]
[Source "ChessBase"]
[SourceDate "2015.09.14"]
[SourceVersion "1"]
[SourceVersionDate "2015.09.14"]
[SourceQuality "1"]

1. d4 Nf6 2. c4 g6 3. Nc3 d5 4. Nf3 Bg7 5. Bg5 Ne4 6. cxd5 Nxg5 7. Nxg5 e6 8. Qd2 exd5 9. Qe3+ Kf8 10. Qf4 Bf6 11. h4 Kg7 12. e3 c6 13. Bd3 a5 14. Nf3 h5 15. Qg3 Nd7 16. Ne5 Bxe5 17. dxe5 Nc5 18. Bc2 Qe7 19. f4 Re8 20. 0-0 Bg4 21. Bd1 Bxd1 22. Raxd1 a4 23. Rd4 a3 24. b4 Na4 25. Nxa4 Rxa4 26. b5 Rxd4 27. exd4 Qb4 28. Qf2 cxb5 29. f5 gxf5 30. Qg3+ Kh8 31. Qf4 Re6 32. Qxf5 Qxd4+ 33. Rf2 Qxe5 34. Qxf7 Re7 35. Qg6 Qe1+ 36. Rf1 Qe3+ 37. Kh1 Re8 38. Qxh5+ Kg7 39. Rf7+ 1-0